Normal view
MARC view
Entry Personal Name
001 - CONTROL NUMBER
- control field: 11221
003 - CONTROL NUMBER IDENTIFIER
- control field: OSt
005 - DATE AND TIME OF LATEST TRANSACTION
- control field: 20161019180453.0
008 - FIXED-LENGTH DATA ELEMENTS
- fixed length control field: 161019|| aca||aabn | a|a d
040 ## - CATALOGING SOURCE
- Original cataloging agency: OSt
- Transcribing agency: OSt
100 ## - HEADING--PERSONAL NAME
- Personal name: Editor Ashcroft, Richard E.[et...al]
670 ## - SOURCE DATA FOUND
- Source citation: Work cat.: (OSt)4731: Editor Ashcroft, Richard E.[et...al], Case Analysis in Clinical Ethics , 2005.
